000 00601nam a2200205 a 4500
005 20210223124956.0
008 030602s1999 mx r 000 0 spa d
020 _a847030738X
035 _aUPN01000124859
049 _aCG
050 4 _aF1788.22 C3
_bB3.38
100 1 _aBalfour, Sebastián
245 1 0 _aCastro /
_cSebastián Balfour ; tr. Rosemary Vargas Martinto.
260 _aMadrid :
_bBiblioteca Nueva,
_c1999.
300 _a250 p.
440 0 _aPerfiles del poder ;
_v2
600 1 4 _aCASTRO RUZ, FIDEL,
_d1926-2016
_96276
651 4 _aCUBA -
_xPOLITICA Y GOBIERNO
_912399
905 _aLibro
999 _c97038
_d97038